| 000 | 00866cab a2200217 4500 | ||
|---|---|---|---|
| 001 | WB3132-63 | ||
| 008 | 090401t1995 xxu||||| |||| 00| 0 eng d | ||
| 035 | _a(Sirsi) u57456 | ||
| 041 | _aeng | ||
| 245 | _aNew figures reveal the countryside`s shape | ||
| 260 | _c1995 | ||
| 350 | _a0 | ||
| 490 |
_aCountryside Commission News Release _v(41) 21 August 1995 (2) |
||
| 520 | _aCountryside Facts and Figures 1995, a new guide published by the Countryside Commission, reveals the current shape of England`s countryside. The guide is available free of charge from Countryside Commission Postal Sales, PO Box 124 Waldegrave, Northampton, NN6 9TL.(Tel 01604 781848) | ||
| 650 | _aCOUNTRYSIDE COMMISSION | ||
| 650 | _aCOUNTRYSIDE FACTS AND FIGURES 1995 | ||
| 650 | _aLANDSCAPE MANAGEMENT SCHEME | ||
| 690 | _aRURAL PRACTICE | ||
| 942 | _n0 | ||
| 948 | _c04/03/1997 | ||
| 999 |
_c35041 _d35041 |
||